Statistics for Spanish Immigration by Country

Click here to take the quiz!

General Stats

  • This quiz has been taken 80 times
  • The average score is 16 of 20

Answer Stats

PopulationCountry% Correct
97,628Portugal
97%
108,275France
94%
252,008Italy
94%
262,885United Kingdom
94%
111,937Germany
93%
865,945Morocco
93%
89,029Argentina
90%
273,050Colombia
90%
232,807China
87%
189,110Venezuela
87%
106,712Peru
86%
98,655Brazil
85%
130,919Ecuador
76%
87,045Paraguay
75%
667,378Romania
75%
92,630Bolivia
72%
115,186Ukraine
66%
122,375Bulgaria
56%
97,705Pakistan
51%
121,963Honduras
45%

Score Distribution

Percentile by Number Answered

Percent of People with Each Score

Your Score History

You have not taken this quiz